Volkswagen Models - Statistics

General Stats
  • This quiz has been taken 411 times
  • The average score is 11 of 20
Answer Stats
Picture Answer % Correct
Golf (MK8)
98%
Polo
89%
Beetle
88%
Passat
84%
Tiguan
81%
Scirocco
62%
ID.3
60%
ID.4
57%
T-Roc
56%
Arteon
54%
Caddy
54%
Amarok
51%
Touareg
51%
Transporter (T6)
48%
Bora
46%
Phaeton
46%
T-Cross
45%
Atlas
27%
Taigo
24%
SP2
13%
No matching quizzes found
Score Distribution
Percent of People with Each Score
Percentile by Number Answered
Your Score History
You have not taken this quiz